Applied therapeutics : (Record no. 19107)
[ view plain ]
| 000 -LEADER | |
|---|---|
| fixed length control field | 01131pam a2200301 a 4500 |
| 001 - CONTROL NUMBER | |
| control field | 016036180 |
| 003 - CONTROL NUMBER IDENTIFIER | |
| control field | OSt |
| 005 - DATE AND TIME OF LATEST TRANSACTION | |
| control field | 20150921160224.0 |
| 008 - FIXED-LENGTH DATA ELEMENTS--GENERAL INFORMATION | |
| fixed length control field | 120214t2013 paua frb 001 0 eng d |
| 020 ## - INTERNATIONAL STANDARD BOOK NUMBER | |
| International Standard Book Number | 1451175760 (hbk.) |
| 020 ## - INTERNATIONAL STANDARD BOOK NUMBER | |
| International Standard Book Number | 9781451175769 (hbk.) |
| 040 ## - CATALOGING SOURCE | |
| Original cataloging agency | StDuBDS |
| Language of cataloging | eng |
| Transcribing agency | StDuBDS |
| Modifying agency | EG-ScBUE |
| 082 04 - DEWEY DECIMAL CLASSIFICATION NUMBER | |
| Classification number | 615.58 |
| Edition number | 22 |
| Item number | APP |
| 245 00 - TITLE STATEMENT | |
| Title | Applied therapeutics : |
| Remainder of title | the clinical use of drugs / |
| Statement of responsibility, etc | edited by Brian K. Alldredge ... [et al.] |
| 246 34 - VARYING FORM OF TITLE | |
| Title proper/short title | Koda-Kimble & Young's applied therapeutics |
| 250 ## - EDITION STATEMENT | |
| Edition statement | 10th ed., International ed. |
| 260 ## - PUBLICATION, DISTRIBUTION, ETC. (IMPRINT) | |
| Place of publication, distribution, etc | Philadelphia : |
| Name of publisher, distributor, etc | Wolters Kluwer / Lippincott Williams & Wilkins, |
| Date of publication, distribution, etc | c.2013. |
| 300 ## - PHYSICAL DESCRIPTION | |
| Extent | xxxix, 2519 p. : |
| Other physical details | ill. (col.) ; |
| Dimensions | 29 cm. |
| 500 ## - GENERAL NOTE | |
| General note | Text and table on endpapers. |
| 500 ## - GENERAL NOTE | |
| General note | Previous ed. : 2009. |
| 504 ## - BIBLIOGRAPHY, ETC. NOTE | |
| Bibliography, etc | Includes bibliographical references and indexes. |
| 650 #0 - SUBJECT ADDED ENTRY--TOPICAL TERM | |
| Topical term or geographic name as entry element | Chemotherapy |
| Form subdivision | Handbooks, manuals, etc. |
| 9 (RLIN) | 32489 |
| Source of heading or term | BUEsh |
| 650 #0 - SUBJECT ADDED ENTRY--TOPICAL TERM | |
| Source of heading or term | BUEsh |
| 9 (RLIN) | 12590 |
| Topical term or geographic name as entry element | Pharmacology |
| Form subdivision | Handbooks, manuals, etc. |
| 651 ## - SUBJECT ADDED ENTRY--GEOGRAPHIC NAME | |
| Source of heading or term | BUEsh |
| 653 ## - INDEX TERM--UNCONTROLLED | |
| Resource For college | Pharmacy |
| Arrived date list | March2015 |
| -- | August2015 |
| -- | September2015 |
| 700 1# - ADDED ENTRY--PERSONAL NAME | |
| Personal name | Alldredge, Brian K., |
| Relator term | editor. |
| 942 ## - ADDED ENTRY ELEMENTS (KOHA) | |
| Source of classification or shelving scheme | Dewey Decimal Classification |
| Call number prefix | 615.58 APP |
| Withdrawn status | Item status | Source of classification or shelving scheme | Damaged status | Not for loan | Vendor | Home library | Current library | Shelving location | Date acquired | Source of acquisition | Cost, normal purchase price | Total Checkouts | Full call number | Barcode | Date last seen | Cost, replacement price | Koha item type | Total Renewals | Date last borrowed | Serial Enumeration / chronology |
|---|---|---|---|---|---|---|---|---|---|---|---|---|---|---|---|---|---|---|---|---|
| Dewey Decimal Classification | Baccah | Central Library | Central Library | Ground Floor | 23/03/2015 | 850.00 | 615.58 APP | 000037751 | 15/07/2025 | 1063.00 | Reference (NB) | |||||||||
| Dewey Decimal Classification | Baccah | Central Library | Central Library | First floor | 23/03/2015 | 850.00 | 1 | 615.58 APP | 000037752 | 15/07/2025 | 1063.00 | Book - Borrowing | 3 | 01/04/2015 | ||||||
| Dewey Decimal Classification | Baccah | Central Library | Central Library | Ground Floor | 16/08/2015 | Purchase | 1264.00 | 615.58 APP | 000030746 | 15/07/2025 | Reference (NB) | 21782 |